Tvorba firemnej identity bakalárska práca

Salvato in:
Dettagli Bibliografici
Autore principale: Kúcsová, Dominika
Ente Autore: Fakulta podnikového manažmentu EU. Katedra podnikovohospodárska
Altri autori: Hrušovská, Dana, 1964-
Natura: Libro
Lingua:slovacco
Pubblicazione: Bratislava 2023
Tags: Aggiungi Tag
Nessun Tag, puoi essere il primo ad aggiungerne!!

MARC

LEADER 00000nbm a2200000 4500
001 0293518
005 20240219125619.7
041 0 |a slo 
044 |a SK 
245 1 0 |a Tvorba firemnej identity  |b bakalárska práca  |c Dominika Kúcsová ; školiteľ: Dana Hrušovská 
264 1 |a Bratislava  |c 2023 
300 |a 48 s. 
100 1 |a Kúcsová, Dominika 
700 1 |a Hrušovská, Dana, 1964- 
710 2 |a Fakulta podnikového manažmentu EU. Katedra podnikovohospodárska